[Event "Midland Ch Forrest Cup"]
[Site "Derby"]
[Date "1989.03.11"]
[Round "4"]
[White "Foulger, John G"]
[Black "Ledger, Andrew J"]
[Result "0-1"]
[WhiteElo "2064"]
[BlackElo "2192"]
[PlyCount "96"]
[EventDate "1989.03.10"]
[EventType "swiss"]
[EventRounds "6"]
[EventCountry "ENG"]
[SourceTitle "BritBase"]
[Source "John Saunders"]
[SourceDate "2022.11.28"]
[SourceVersion "1"]
[SourceVersionDate "2022.08.23"]
[SourceQuality "1"]

1. e4 c6 2. d4 d5 3. e5 Bf5 4. Nc3 Qb6 5. g4 Bd7 6. Be2 e6 7. Qd3 c5 8. Be3 c4
9. Qd2 Qxb2 10. Rb1 Qa3 11. Rxb7 Bb4 12. Rxb4 Qxb4 13. Nh3 Nc6 14. O-O Nge7 15.
f4 Qa5 16. Bf3 Rb8 17. Bf2 Rb2 18. Bh4 Rxa2 19. Be1 Ra1 20. Nf2 O-O 21. Nfd1 f6
22. exf6 Rxf6 23. Qe3 Qb6 24. Bh4 Qxd4 25. Bxf6 Qxe3+ 26. Nxe3 Rxf1+ 27. Nxf1
gxf6 28. Bg2 Nb4 29. Ne3 Kg7 30. Ne2 a5 31. c3 Nd3 32. f5 a4 33. fxe6 Bxe6 34.
Nd4 Kf7 35. Nb5 Nf4 36. Bf3 Ke8 37. Bd1 Bd7 38. Nd6+ Kd8 39. Nb7+ Kc8 40. Nc5
a3 41. Nc2 a2 42. Na1 Nc6 43. Kf2 Ne6 44. Nxd7 Kxd7 45. Bc2 h6 46. Ke2 Ne5 47.
Bf5 Kd6 48. h4 Nc5 0-1

[Event "Midland Ch Forrest Cup"]
[Site "Derby"]
[Date "1989.03.11"]
[Round "4"]
[White "Gilmore, Simon N"]
[Black "Lalic, Susan K"]
[Result "0-1"]
[WhiteElo "1960"]
[BlackElo "2320"]
[PlyCount "134"]
[EventDate "1989.03.10"]
[EventType "swiss"]
[EventRounds "6"]
[EventCountry "ENG"]
[SourceTitle "BritBase"]
[Source "John Saunders"]
[SourceDate "2022.11.28"]
[SourceVersion "1"]
[SourceVersionDate "2022.08.23"]
[SourceQuality "1"]

1. Nf3 d5 2. g3 c5 3. Bg2 Nc6 4. d4 e6 5. O-O Nf6 6. e3 Be7 7. Nbd2 O-O 8. b3
cxd4 9. Nxd4 Nxd4 10. exd4 b5 11. c4 bxc4 12. bxc4 Rb8 13. c5 Ba6 14. Re1 Rb4
15. Nb3 Bc4 16. Bd2 Bxb3 17. axb3 Rxd4 18. Qc2 Rxd2 19. Qxd2 Bxc5 20. Qc2 Bb6
21. Rac1 Ng4 22. Re2 Qf6 23. h3 Ne5 24. Rd1 Nf3+ 25. Bxf3 Qxf3 26. Rd3 Qf5 27.
Kg2 g6 28. Rc3 d4 29. Qxf5 gxf5 30. Rd3 Rd8 31. f4 h5 32. Kf3 Kg7 33. Rh2 Kf6
34. Rc2 Ke7 35. g4 hxg4+ 36. hxg4 fxg4+ 37. Kxg4 Kd6 38. Kf3 Kd5 39. Rh2 f6 40.
Rh5+ e5 41. fxe5 fxe5 42. Rg5 Rh8 43. Kf2 Bd8 44. Rg7 Ke4 45. Rf3 Bb6 46. Rg4+
Kd5 47. Ke2 Rh2+ 48. Kd1 Bc5 49. Rfg3 Rb2 50. Kc1 Ba3 51. Kd1 Bb4 52. Rh4 a5
53. Rg8 Rxb3 54. Rd8+ Kc4 55. Rc8+ Kd5 56. Rd8+ Bd6 57. Rh6 Rb6 58. Ra8 Bc5 59.
Rhh8 Bb4 60. Rhd8+ Ke4 61. Rh8 Rf6 62. Rh2 Rf1+ 63. Kc2 d3+ 64. Kb3 d2 65. Rh4+
Ke3 66. Rh3+ Ke2 67. Rh2+ Ke1 0-1

[Event "Midland Ch Forrest Cup"]
[Site "Derby"]
[Date "1989.03.11"]
[Round "4"]
[White "Smith, Graham M"]
[Black "Baker, Chris W"]
[Result "0-1"]
[WhiteElo "1984"]
[BlackElo "2376"]
[PlyCount "108"]
[EventDate "1989.03.10"]
[EventType "swiss"]
[EventRounds "6"]
[EventCountry "ENG"]
[SourceTitle "BritBase"]
[Source "John Saunders"]
[SourceDate "2022.11.28"]
[SourceVersion "1"]
[SourceVersionDate "2022.08.23"]
[SourceQuality "1"]

1. e4 e5 2. Nc3 Nf6 3. f4 d5 4. fxe5 Nxe4 5. Nf3 Be7 6. Qe2 Nxc3 7. dxc3 O-O 8.
g3 Bg4 9. Bg2 Nc6 10. O-O Qd7 11. Bf4 Rae8 12. Rad1 f6 13. Qb5 Nxe5 14. Qxd7
Nxd7 15. Bxc7 Bc5+ 16. Kh1 Re2 17. h3 Be6 18. Nd4 Bxd4 19. Rxd4 Rc8 20. Bf4
Rxc2 21. Bxd5 Bxd5+ 22. Rxd5 Nc5 23. Rd2 Rxd2 24. Bxd2 Ne4 25. Bf4 g5 26. Re1
Re8 27. Bd2 Kf7 28. Be3 Nxg3+ 29. Kg2 Nf5 30. Bf2 Rxe1 31. Bxe1 Ke6 32. Kf3 h5
33. Bf2 a6 34. Bb6 Nh4+ 35. Kg3 f5 36. Bd8 f4+ 37. Kf2 Kf5 38. c4 Ng6 39. c5
Ne5 40. Ke2 Nc6 41. Bc7 Ke4 42. a3 a5 43. a4 g4 44. hxg4 hxg4 45. Kf2 Nb4 46.
Bxa5 Nd3+ 47. Kg2 Nxc5 48. b4 Nxa4 49. Bc7 Nc3 50. Bb8 b5 51. Bc7 Nd5 52. Bd6
Ke3 53. Bc5+ Ke2 54. Kg1 f3 0-1

[Event "Midland Ch Forrest Cup"]
[Site "Derby"]
[Date "1989.03.11"]
[Round "4"]
[White "Waddingham, Graham A"]
[Black "Barnes, Michael H"]
[Result "1-0"]
[WhiteElo "2328"]
[BlackElo "2120"]
[PlyCount "59"]
[EventDate "1989.03.10"]
[EventType "swiss"]
[EventRounds "6"]
[EventCountry "ENG"]
[SourceTitle "BritBase"]
[Source "John Saunders"]
[SourceDate "2022.11.28"]
[SourceVersion "1"]
[SourceVersionDate "2022.08.23"]
[SourceQuality "1"]

1. e4 e5 2. Nf3 Nc6 3. Bc4 Nf6 4. Ng5 d5 5. exd5 Na5 6. d3 h6 7. Nf3 e4 8. Qe2
Nxc4 9. dxc4 Be7 10. Nfd2 O-O 11. O-O Bf5 12. Nc3 Re8 13. Re1 Bb4 14. Nd1 Bg4
15. Qf1 c6 16. c3 Ba5 17. Ne3 Qd6 18. c5 Qd7 19. d6 Bh5 20. b4 Bd8 21. Bb2 Nd5
22. Nxd5 cxd5 23. c4 Bg5 24. f4 exf3 25. Nxf3 Be3+ 26. Kh1 dxc4 27. Ne5 Rxe5
28. Bxe5 Bd2 29. Re4 c3 30. Qc4 1-0

[Event "Midland Ch Forrest Cup"]
[Site "Derby"]
[Date "1989.03.12"]
[Round "5"]
[White "Baker, Chris W"]
[Black "Parker, Jonathan"]
[Result "1-0"]
[WhiteElo "2376"]
[BlackElo "1928"]
[PlyCount "69"]
[EventDate "1989.03.10"]
[EventType "swiss"]
[EventRounds "6"]
[EventCountry "ENG"]
[SourceTitle "BritBase"]
[Source "John Saunders"]
[SourceDate "2022.11.28"]
[SourceVersion "1"]
[SourceVersionDate "2022.08.23"]
[SourceQuality "1"]

1. d4 Nf6 2. c4 e6 3. Nc3 Bb4 4. Nf3 c5 5. g3 b6 6. Bg2 Bb7 7. O-O O-O 8. Nb5
cxd4 9. a3 Be7 10. Qxd4 Nc6 11. Qd3 d5 12. Rd1 Na5 13. cxd5 Qxd5 14. Qxd5 Bxd5
15. b4 Nb3 16. Rb1 Nxc1 17. Rbxc1 a5 18. Nc7 Ra7 19. Nxd5 Nxd5 20. Nd4 Nf6 21.
Nb5 Rd7 22. Rxd7 Nxd7 23. Rc7 Rd8 24. Bc6 Ne5 25. Rxe7 Nxc6 26. Rc7 Ne5 27. f4
Nd7 $2 28. Nd6 Nf8 29. Nxf7 Rd1+ 30. Kf2 axb4 31. axb4 Rb1 32. Nd8 Rxb4 33. Rc8
Rb1 34. Nxe6 b5 35. Rxf8# 1-0

[Event "Midland Ch Forrest Cup"]
[Site "Derby"]
[Date "1989.03.12"]
[Round "5"]
[White "Barnes, Michael H"]
[Black "Burke, Steven J"]
[Result "1-0"]
[WhiteElo "2120"]
[BlackElo "2024"]
[PlyCount "53"]
[EventDate "1989.03.10"]
[EventType "swiss"]
[EventRounds "6"]
[EventCountry "ENG"]
[SourceTitle "BritBase"]
[Source "John Saunders"]
[SourceDate "2022.11.28"]
[SourceVersion "1"]
[SourceVersionDate "2022.08.23"]
[SourceQuality "1"]

1. e4 d6 2. d4 Nf6 3. Bd3 e5 4. c3 c6 5. Nf3 Bg4 6. O-O Nbd7 7. Nbd2 h6 8. Nc4
Qc7 9. Ne3 Bh5 10. Nf5 g5 11. Ng3 Bg6 12. b4 Be7 13. Re1 Nf8 14. Nf5 Ne6 15. b5
Nf4 16. bxc6 bxc6 17. Ba3 Bxf5 18. exf5 Nxd3 19. Qxd3 e4 20. Rxe4 Nxe4 21. Qxe4
O-O-O 22. f6 Bf8 23. d5 Qa5 24. dxc6 Qxa3 25. Rb1 Qxa2 26. Qf5+ Qe6 27. Qb5 1-0

[Event "Midland Ch Forrest Cup"]
[Site "Derby"]
[Date "1989.03.12"]
[Round "5"]
[White "Barton, R Alan"]
[Black "Ledger, Andrew J"]
[Result "0-1"]
[WhiteElo "2080"]
[BlackElo "2192"]
[PlyCount "108"]
[EventDate "1989.03.10"]
[EventType "swiss"]
[EventRounds "6"]
[EventCountry "ENG"]
[SourceTitle "BritBase"]
[Source "John Saunders"]
[SourceDate "2022.11.28"]
[SourceVersion "1"]
[SourceVersionDate "2022.08.23"]
[SourceQuality "1"]

1. Nf3 Nf6 2. c4 g6 3. b3 Bg7 4. Bb2 O-O 5. g3 c6 6. Bg2 d5 7. O-O Re8 8. Qc2
Na6 9. d3 Bf5 10. h3 Qb6 11. Nbd2 Rad8 12. Rac1 Nb4 13. Qb1 a5 14. a3 Na6 15.
Be5 h5 16. Qb2 Bh6 17. Rc2 Nd7 18. Bc3 Ndc5 19. Bd4 dxc4 20. Nxc4 Qxb3 21. Nxa5
Qxb2 22. Rxb2 Bc8 23. Rbb1 Rd7 24. h4 f6 25. Ba1 Rc7 26. Kh2 Rd8 27. Bh3 Bxh3
28. Kxh3 Rd5 29. Nc4 b5 30. Na5 Ne6 31. d4 g5 32. hxg5 fxg5 33. Kg2 g4 34. Nh4
Bg5 35. e4 Rd8 36. Nf5 Bf6 37. Rh1 Nxd4 38. Bxd4 Bxd4 39. Nxc6 Bb6 40. Nxd8 Rc2
41. Nxe7+ Kf8 42. Rxh5 Kxe7 43. Rh6 Rxf2+ 44. Kh1 Bxd8 45. Rxa6 Rf3 46. Kg2 Bc7
47. Rh6 Rxg3+ 48. Kf2 Rc3 49. Rxb5 g3+ 50. Kg2 Rc2+ 51. Kf3 Rc3+ 52. Ke2 g2 53.
Rg6 Bg3 54. Rb7+ Kf8 {"time?" (bulletin)} 0-1

[Event "Midland Ch Forrest Cup"]
[Site "Derby"]
[Date "1989.03.12"]
[Round "5"]
[White "Benyon, C C V."]
[Black "Smith, Graham M"]
[Result "0-1"]
[WhiteElo "1848"]
[BlackElo "1984"]
[PlyCount "60"]
[EventDate "1989.03.10"]
[EventType "swiss"]
[EventRounds "6"]
[EventCountry "ENG"]
[SourceTitle "BritBase"]
[Source "John Saunders"]
[SourceDate "2022.11.28"]
[SourceVersion "1"]
[SourceVersionDate "2022.08.23"]
[SourceQuality "1"]

1. e4 Nc6 2. Nf3 e5 3. Bb5 a6 4. Ba4 Nf6 5. Qe2 b5 6. Bb3 Bc5 7. O-O Bb7 8. c3
Qe7 9. Rd1 Bb6 10. h3 h6 11. d3 O-O-O 12. Be3 Bxe3 13. Qxe3 g5 14. a4 b4 15.
cxb4 Qxb4 16. Bxf7 g4 17. hxg4 Nxg4 18. Qd2 $2 Qe7 19. Bh5 $2 Rdg8 20. Nc3 Nf6
21. Nd5 Qg7 22. g3 Nxh5 23. Kh2 Rf8 24. Nh4 Nd4 25. Rac1 Bxd5 26. exd5 Qf6 27.
Rxc7+ Kxc7 28. Qa5+ Qb6 29. d6+ Kb7 30. Qd5+ Nc6 0-1

[Event "Midland Ch Forrest Cup"]
[Site "Derby"]
[Date "1989.03.12"]
[Round "5"]
[White "Bryce, Andrew"]
[Black "Arkell, Keith C"]
[Result "1/2-1/2"]
[WhiteElo "2080"]
[BlackElo "2440"]
[PlyCount "128"]
[EventDate "1989.03.10"]
[EventType "swiss"]
[EventRounds "6"]
[EventCountry "ENG"]
[SourceTitle "BritBase"]
[Source "John Saunders"]
[SourceDate "2022.11.28"]
[SourceVersion "1"]
[SourceVersionDate "2022.08.23"]
[SourceQuality "1"]

1. f4 d5 2. Nf3 g6 3. e3 Bg7 4. Be2 c5 5. O-O Nc6 6. d3 Nf6 7. Qe1 O-O 8. a4
Re8 9. Qg3 Qc7 10. Nc3 a6 11. Ne5 Nb4 12. Bd1 b6 13. e4 Bb7 14. Nxd5 Nbxd5 15.
exd5 Bxd5 16. f5 Nh5 17. Bxh5 Qxe5 18. Qxe5 Bxe5 19. fxg6 hxg6 20. Bf3 Red8 21.
Be3 Rac8 22. Rab1 Bd4 23. Kf2 Bxf3 24. Kxf3 c4 25. Rfd1 Rd5 26. c3 Rf5+ 27. Ke2
Bxe3 28. Kxe3 Rc6 29. Rf1 Re5+ 30. Kd2 Ra5 31. dxc4 Rxa4 32. Ra1 Rcxc4 33. b3
Rxa1 34. Rxa1 Rg4 35. Rxa6 Rxg2+ 36. Kd3 b5 37. Rb6 Rg5 38. c4 bxc4+ 39. bxc4
Rh5 40. Rb2 Kf8 41. Kd4 Ke8 42. Ra2 f6 43. c5 Kd7 44. Ra7+ Ke6 45. Ra6+ Kf7 46.
Ra2 Ke6 47. Ra6+ Kf5 48. Ra2 Rh8 49. c6 e5+ 50. Kd5 Rd8+ 51. Kc5 Rc8 52. Kd6 e4
53. Rf2+ Kg5 54. h4+ Kxh4 55. Rxf6 Kg5 56. Rf1 e3 57. Kd7 Ra8 58. Rg1+ Kf5 59.
Rg3 Ra3 60. c7 Rd3+ 61. Kc6 Rc3+ 62. Kd7 Rd3+ 63. Kc6 Kf4 64. Rxg6 Rc3+ 1/2-1/2

[Event "Midland Ch Forrest Cup"]
[Site "Derby"]
[Date "1989.03.12"]
[Round "5"]
[White "Joshi, DM."]
[Black "Escott, Keith L"]
[Result "1-0"]
[WhiteElo "2128"]
[BlackElo "2064"]
[PlyCount "79"]
[EventDate "1989.03.10"]
[EventType "swiss"]
[EventRounds "6"]
[EventCountry "ENG"]
[SourceTitle "BritBase"]
[Source "John Saunders"]
[SourceDate "2022.11.28"]
[SourceVersion "1"]
[SourceVersionDate "2022.08.23"]
[SourceQuality "1"]

1. e4 c5 2. Nf3 e6 3. d4 cxd4 4. Nxd4 a6 5. Bd3 Bc5 6. Nb3 Ba7 7. O-O Nc6 8.
Qe2 d6 9. Be3 Bxe3 10. Qxe3 Nf6 11. c4 O-O 12. Nc3 Ne5 13. Rfd1 Qc7 14. Rac1
Rd8 15. h3 Bd7 16. f4 Nxd3 17. Rxd3 Be8 18. Nd4 Rac8 19. b3 b5 20. Nce2 bxc4
21. Rxc4 Qb7 22. Rxc8 Rxc8 23. Ng3 Qc7 24. Kh2 Kf8 25. Nde2 Bb5 26. Rc3 Qb7 27.
Qd4 Ke7 28. Rxc8 Qxc8 29. e5 dxe5 30. fxe5 Nd7 31. Qh4+ f6 32. Qxh7 Nxe5 33.
Qxg7+ Nf7 34. Nf4 Be8 35. Ng6+ Kd6 36. Qxf6 Kc7 37. Nf4 Nd8 38. Ne4 Kb8 39. Nd6
Qd7 40. Qf8 1-0

[Event "Midland Ch Forrest Cup"]
[Site "Derby"]
[Date "1989.03.12"]
[Round "5"]
[White "Kitson, Peter R"]
[Black "Arnold, Martin J"]
[Result "1-0"]
[WhiteElo "1968"]
[BlackElo "1824"]
[PlyCount "71"]
[EventDate "1989.03.10"]
[EventType "swiss"]
[EventRounds "6"]
[EventCountry "ENG"]
[SourceTitle "BritBase"]
[Source "John Saunders"]
[SourceDate "2022.11.28"]
[SourceVersion "1"]
[SourceVersionDate "2022.08.23"]
[SourceQuality "1"]

1. e4 c6 2. d4 d5 3. exd5 cxd5 4. Bd3 Nc6 5. c3 Nf6 6. Nf3 Bg4 7. h3 Bh5 8. Bf4
e6 9. Nbd2 Be7 10. O-O O-O 11. Qb1 Bg6 12. Ne5 Bxd3 13. Qxd3 Qc8 14. Ndf3 Ne4
15. Nxc6 Qxc6 16. Ne5 Qa4 17. f3 Nd6 18. Rfe1 Rfd8 19. Qe2 Qb5 20. Qd2 Rac8 21.
Re2 Nc4 22. Nxc4 Qxc4 23. a3 Bf8 24. Rae1 b5 25. Bg5 Rd7 26. f4 a5 27. f5 exf5
28. Qf4 h6 29. Qxf5 Rd6 30. Be7 Rg6 31. Rf2 Bxe7 32. Qxf7+ Kh7 33. Rxe7 Qa2 34.
Qf5 Rcc6 35. Qd7 Rgd6 36. Rxg7+ 1-0

[Event "Midland Ch Forrest Cup"]
[Site "Derby"]
[Date "1989.03.12"]
[Round "5"]
[White "Lalic, Susan K"]
[Black "Khan, Tariq Ul-Alam"]
[Result "1-0"]
[WhiteElo "2320"]
[BlackElo "1920"]
[PlyCount "107"]
[EventDate "1989.03.10"]
[EventType "swiss"]
[EventRounds "6"]
[EventCountry "ENG"]
[SourceTitle "BritBase"]
[Source "John Saunders"]
[SourceDate "2022.11.28"]
[SourceVersion "1"]
[SourceVersionDate "2022.08.23"]
[SourceQuality "1"]

1. e4 g6 2. d4 Bg7 3. Nc3 c6 4. Nf3 d5 5. h3 dxe4 6. Nxe4 Nd7 7. Bc4 Ndf6 8.
Neg5 Nh6 9. O-O O-O 10. c3 Nf5 11. Ne5 Nd5 12. Ngf3 h6 13. Qe2 Nd6 14. Bb3 e6
15. Re1 Kh7 16. Bc2 f5 17. Bd2 Bd7 18. Nxd7 Qxd7 19. Qxe6 Qxe6 20. Rxe6 Nc4 21.
Rb1 Rae8 22. Ree1 Nxd2 23. Nxd2 Rxe1+ 24. Rxe1 Rf7 25. Nc4 Re7 26. Ne5 Bf6 27.
g3 Kg7 28. Kg2 f4 29. Re4 fxg3 30. Kxg3 g5 31. Ng4 Nb6 32. Nxf6 Kxf6 33. Rxe7
Kxe7 34. Kg4 Kf6 35. h4 Nc4 36. b3 Nd6 37. hxg5+ hxg5 38. Bd3 Nf7 39. b4 Nd8
40. a4 Ne6 41. Be4 Nf4 42. Kf3 Ke7 43. a5 Kd6 44. c4 b6 45. c5+ bxc5 46. dxc5+
Ke5 47. Bxc6 Nd3 48. b5 Nxc5 49. Kg4 Kf6 50. Bg2 Kg6 51. Bf1 Nb7 52. a6 Na5 53.
b6 Nc6 54. Bg2 1-0

[Event "Midland Ch Forrest Cup"]
[Site "Derby"]
[Date "1989.03.12"]
[Round "5"]
[White "Ledger, Dave J"]
[Black "Buckley, Graeme N"]
[Result "1/2-1/2"]
[WhiteElo "2000"]
[BlackElo "2232"]
[PlyCount "103"]
[EventDate "1989.03.10"]
[EventType "swiss"]
[EventRounds "6"]
[EventCountry "ENG"]
[SourceTitle "BritBase"]
[Source "John Saunders"]
[SourceDate "2022.11.28"]
[SourceVersion "1"]
[SourceVersionDate "2022.08.23"]
[SourceQuality "1"]

1. Nf3 Nf6 2. g3 g6 3. Bg2 Bg7 4. O-O O-O 5. d4 d6 6. c4 Nbd7 7. Nc3 e5 8. h3
c6 9. e4 Qb6 10. Re1 Re8 11. Rb1 exd4 12. Nxd4 Nxe4 13. Nxe4 Qxd4 14. Be3 Qxd1
15. Rbxd1 d5 16. cxd5 cxd5 17. Nd6 Re6 18. Nb5 Nb6 19. Nc7 Rb8 20. Bxd5 Rxe3
21. Rxe3 Bxh3 22. Bb3 Nd7 23. Re8+ Rxe8 24. Nxe8 Bxb2 25. Nd6 Kf8 26. Nxf7 Nc5
27. Bd5 b5 28. Ng5 Bf5 29. Nxh7+ Ke7 30. Ng5 b4 31. f3 a5 32. Ne4 Na4 33. Rd2
Be5 34. g4 Bd7 35. Bb3 Nc3 36. Nxc3 Bxc3 37. Rh2 a4 38. Bc2 Kf6 39. Rh7 Be6 40.
Bb1 b3 41. axb3 Bxb3 42. Rc7 Bd4+ 43. Kg2 g5 44. Rc6+ Ke5 45. Ra6 Be3 46. Ra5+
Kd4 47. Rb5 Kc3 48. Re5 Bf4 49. Rb5 a3 50. Ra5 Kb2 51. Ra6 Bc1 52. Rb6 1/2-1/2

[Event "Midland Ch Forrest Cup"]
[Site "Derby"]
[Date "1989.03.12"]
[Round "5"]
[White "McSheehy, Nigel AP"]
[Black "Markham, Philip"]
[Result "1-0"]
[WhiteElo "2000"]
[BlackElo "1876"]
[PlyCount "39"]
[EventDate "1989.03.10"]
[EventType "swiss"]
[EventRounds "6"]
[EventCountry "ENG"]
[SourceTitle "BritBase"]
[Source "John Saunders"]
[SourceDate "2022.11.28"]
[SourceVersion "1"]
[SourceVersionDate "2022.08.23"]
[SourceQuality "1"]

1. d4 b5 2. e4 Bb7 3. Bd3 e6 4. Nf3 b4 5. O-O c5 6. d5 exd5 7. exd5 Bxd5 8.
Bxh7 Bxf3 9. Qxf3 Qh4 10. Re1+ Kd8 11. Qxa8 Bd6 12. h3 Nf6 13. Bd3 Ng4 14. Qf3
Nxf2 15. Qxf2 Bg3 16. Qf5 Qd4+ 17. Be3 Re8 18. Bxd4 Rxe1+ 19. Bf1 cxd4 20. Qg5+
1-0

[Event "Midland Ch Forrest Cup"]
[Site "Derby"]
[Date "1989.03.12"]
[Round "5"]
[White "Naylor, John"]
[Black "Waddingham, Graham A"]
[Result "1-0"]
[WhiteElo "1880"]
[BlackElo "2328"]
[PlyCount "77"]
[EventDate "1989.03.10"]
[EventType "swiss"]
[EventRounds "6"]
[EventCountry "ENG"]
[SourceTitle "BritBase"]
[Source "John Saunders"]
[SourceDate "2022.11.28"]
[SourceVersion "1"]
[SourceVersionDate "2022.08.23"]
[SourceQuality "1"]

1. e4 e5 2. Nf3 Nc6 3. Bc4 Bc5 4. d3 d6 5. c3 Nf6 6. b4 Bb6 7. a4 a5 8. b5 Ne7
9. O-O O-O 10. Ba3 Ng6 11. Nbd2 c6 12. d4 exd4 13. cxd4 Re8 14. bxc6 bxc6 15.
Re1 d5 16. exd5 cxd5 17. Bb5 Rxe1+ 18. Qxe1 Bf5 19. Rc1 Ne4 20. Nb3 Nf4 21. Bc5
Bc7 22. Nbd2 Qf6 23. Ba3 Qg6 $2 (23... Nxg2 $1 24. Kxg2 Qg6+ 25. Kh1 Bf4 26.
Nf1 Qg4 $19) 24. Nh4 Qg4 25. f3 Nh3+ 26. Kf1 Nxd2+ 27. Qxd2 Qxh4 28. Rxc7 Ng5
29. Kg1 Ne6 30. Rd7 Qxd4+ 31. Qxd4 Nxd4 32. Rxd5 Nxb5 33. axb5 Be6 34. Rd6 g6
$2 35. Bb2 Kf8 36. Bf6 Ke8 37. b6 Rb8 38. b7 a4 39. Rd8+ 1-0

[Event "Midland Ch Forrest Cup"]
[Site "Derby"]
[Date "1989.03.12"]
[Round "6"]
[White "Arkell, Keith C"]
[Black "Naylor, John"]
[Result "1/2-1/2"]
[WhiteElo "2440"]
[BlackElo "1880"]
[PlyCount "100"]
[EventDate "1989.03.10"]
[EventType "swiss"]
[EventRounds "6"]
[EventCountry "ENG"]
[SourceTitle "BritBase"]
[Source "John Saunders"]
[SourceDate "2022.11.28"]
[SourceVersion "1"]
[SourceVersionDate "2022.08.23"]
[SourceQuality "1"]

1. d4 Nf6 2. c4 g6 3. Nc3 Bg7 4. g3 O-O 5. Bg2 d6 6. Nf3 c6 7. O-O Bf5 8. Ne1
Qc8 9. e4 Bh3 10. Nd3 Bxg2 11. Kxg2 e5 12. d5 Nbd7 13. f3 Nb6 14. dxc6 Nxc4 15.
cxb7 Qxb7 16. Qb3 Qc7 17. Nb4 Rab8 18. Qa4 Qb7 19. a3 a5 20. Nbd5 Nxb2 21. Qxa5
Nxd5 22. Qxd5 Rfc8 23. Qxb7 Rxb7 24. Rb1 Rxc3 25. Rxb2 Rxb2+ 26. Bxb2 Rb3 27.
Rf2 f5 28. Bc1 Rc3 29. Bb2 Rb3 30. Re2 Kf7 31. a4 Bh6 32. a5 Be3 33. Rc2 Ke6
34. Bc3 Bc5 35. Be1 Kd7 36. Ra2 Kc6 37. a6 Ra3 38. Rxa3 Bxa3 39. exf5 gxf5 40.
Bf2 d5 41. f4 Bd6 42. fxe5 Bxe5 43. Bc5 Bc7 44. Kf3 h6 45. Ke3 Be5 46. Bd4 Bd6
47. Bg7 h5 48. Bd4 Bc7 49. Kd3 f4 50. gxf4 Bxf4 {"... 17 more moves of K & B
manoeuvres - no captures or P moves" (bulletin)} 1/2-1/2

[Event "Midland Ch Forrest Cup"]
[Site "Derby"]
[Date "1989.03.12"]
[Round "6"]
[White "Bowler, A."]
[Black "Benyon, C C V."]
[Result "1/2-1/2"]
[WhiteElo "1960"]
[BlackElo "1848"]
[PlyCount "87"]
[EventDate "1989.03.10"]
[EventType "swiss"]
[EventRounds "6"]
[EventCountry "ENG"]
[SourceTitle "BritBase"]
[Source "John Saunders"]
[SourceDate "2022.11.28"]
[SourceVersion "1"]
[SourceVersionDate "2022.08.23"]
[SourceQuality "1"]

1. e4 c5 2. Nf3 Nc6 3. Bb5 g6 4. O-O Bg7 5. c3 e5 6. d3 Nge7 7. Be3 d6 8. d4
cxd4 9. cxd4 O-O 10. Nc3 Bg4 11. d5 Nd4 12. Be2 Nxe2+ 13. Qxe2 f5 14. h3 Bh5
15. g4 fxg4 16. Ng5 gxh3 17. f3 Rf6 18. Ne6 Qd7 19. Bg5 Rxe6 20. dxe6 Qxe6 21.
Bxe7 Qxe7 22. Nd5 Qg5+ 23. Kh2 Rc8 24. Qf2 Rf8 25. Qg3 Qd2+ 26. Rf2 Qh6 27.
Raf1 Bf6 28. Nxf6+ Rxf6 29. Qxh3 Qf4+ 30. Qg3 Qe3 31. Qh3 Rf4 32. Kg2 Qc5 33.
Qe6+ Kg7 34. Qb3 Qc7 35. Rc2 Qe7 36. Rff2 Qg5+ 37. Kf1 Rh4 38. Rc7+ Kh6 39. Qf7
Rh1+ 40. Ke2 Qg1 41. Qxh7+ Kg5 42. Qe7+ Kh6 43. Qf8+ Kg5 44. Qe7+ 1/2-1/2

[Event "Midland Ch Forrest Cup"]
[Site "Derby"]
[Date "1989.03.12"]
[Round "6"]
[White "Bryce, Andrew"]
[Black "Baker, Chris W"]
[Result "1/2-1/2"]
[WhiteElo "2080"]
[BlackElo "2376"]
[PlyCount "92"]
[EventDate "1989.03.10"]
[EventType "swiss"]
[EventRounds "6"]
[EventCountry "ENG"]
[SourceTitle "BritBase"]
[Source "John Saunders"]
[SourceDate "2022.11.28"]
[SourceVersion "1"]
[SourceVersionDate "2022.08.23"]
[SourceQuality "1"]

1. f4 d5 2. Nf3 Nf6 3. e3 Bg4 4. Be2 Nbd7 5. b3 Bxf3 6. Bxf3 e5 7. fxe5 Nxe5 8.
Bb2 Bd6 9. Nc3 c6 10. Qe2 O-O 11. O-O Re8 12. Qf2 Qd7 13. g3 Qf5 14. Rac1 Qxf3
15. Qxf3 Nxf3+ 16. Rxf3 Be5 17. Na4 Ne4 18. Rd1 Rad8 19. Bxe5 Rxe5 20. Nb2 Ng5
21. Rff1 d4 22. exd4 Re2 23. Nd3 Rxd4 24. h4 Rxd3 25. cxd3 Nh3+ 26. Kh1 Nf2+
27. Rxf2 Rxf2 28. Kg1 Re2 29. Kf1 Re5 30. Rc1 h5 31. Rc4 Kf8 32. Kf2 Ke7 33.
Kf3 Kd6 34. Rf4 Ke6 35. Rb4 b5 36. Re4 f5 37. Re3 Kf6 38. d4 Rd5 39. Rc3 Rd6
40. d5 cxd5 41. Kf4 b4 42. Rc5 Ra6 43. Rxd5 g6 44. Rb5 Rxa2 45. Rxb4 Rxd2 46.
Ra4 Rf2+ {"and after R & K manoeuvres (no P moves or captures), with WK at f3,
R at a7 and BK at h6, R at g4, 83 Rf7 g5 84 Rf6+ Rg7 85 Rxf5 gxh4 86 Rxh5
Rxg3+ 87 Kf4 Ra3 88 Rxh4 Ra4+"} 1/2-1/2

[Event "Midland Ch Forrest Cup"]
[Site "Derby"]
[Date "1989.03.12"]
[Round "6"]
[White "Dicks, Duncan"]
[Black "Escott, Keith L"]
[Result "0-1"]
[WhiteElo "2072"]
[BlackElo "2064"]
[PlyCount "48"]
[EventDate "1989.03.10"]
[EventType "swiss"]
[EventRounds "6"]
[EventCountry "ENG"]
[SourceTitle "BritBase"]
[Source "John Saunders"]
[SourceDate "2022.11.28"]
[SourceVersion "1"]
[SourceVersionDate "2022.08.23"]
[SourceQuality "1"]

1. e4 c5 2. Nc3 Nc6 3. f4 e6 4. Nf3 a6 5. d4 cxd4 6. Nxd4 Qb6 7. Be3 Qxb2 8.
Na4 Qa3 9. c3 b5 10. Nb6 Qxc3+ 11. Kf2 Qb2+ 12. Be2 Rb8 13. Nxc6 dxc6 14. Rc1
Nf6 15. Rxc6 Bb7 16. Rc2 Qa3 17. Re1 Nxe4+ 18. Kf1 Rd8 19. Qb1 Bb4 20. Bc5 Bxc5
21. Bxb5+ Ke7 22. Be2 Qe3 23. Bf3 Qg1+ 24. Ke2 Qf2# 0-1

[Event "Midland Ch Forrest Cup"]
[Site "Derby"]
[Date "1989.03.12"]
[Round "6"]
[White "Edwards, P."]
[Black "Ledger, Dave J"]
[Result "1-0"]
[WhiteElo "1968"]
[BlackElo "2000"]
[PlyCount "87"]
[EventDate "1989.03.10"]
[EventType "swiss"]
[EventRounds "6"]
[EventCountry "ENG"]
[SourceTitle "BritBase"]
[Source "John Saunders"]
[SourceDate "2022.11.28"]
[SourceVersion "1"]
[SourceVersionDate "2022.08.23"]
[SourceQuality "1"]

1. e4 Nf6 2. e5 Nd5 3. d4 d6 4. Nf3 Bg4 5. h3 Bxf3 6. Qxf3 c6 7. e6 fxe6 8. Bd3
g6 9. Nd2 Nb4 10. O-O Nd7 11. Ne4 Nxd3 12. Ng5 N3e5 13. dxe5 Nxe5 14. Qb3 Qd7
15. Bf4 Nf7 16. Nxe6 Nd8 17. Rfe1 d5 18. Nc7+ Kf7 19. Nxa8 Bg7 20. Nc7 e5 21.
Bxe5 Bxe5 22. Rxe5 Qxc7 23. Rae1 Rf8 24. Qa3 Kg8 25. Qe7 Qb6 26. Qh4 Qxb2 27.
Re8 Nf7 28. Rxf8+ Kxf8 29. Qe7+ Kg7 30. Re3 a5 31. g3 Qxa2 32. Rf3 d4 33. Qf6+
Kg8 34. Rb3 b5 35. Qxc6 b4 36. Kg2 Qa1 37. Qa8+ Kg7 38. Rxb4 Qd1 39. Rb8 Ng5
40. Rb7+ Kh6 41. Qf8+ Kh5 42. h4 Nh3 43. Rxh7+ Kg4 44. Qc8# 1-0